[Event "15th ETC"]
[Site "Gothenburg SWE"]
[Date "2005.07.31"]
[Round "2"]
[White "Georgiev,Ki"]
[Black "Kotronias,V"]
[Result "1/2-1/2"]
[WhiteElo "2666"]
[BlackElo "2587"]

1.d4 Nf6 2.Bg5 Ne4 3.Bf4 c5 4.f3 Qa5+ 5.c3 Nf6 6.Nd2 cxd4 7.Nb3 Qd8 8.cxd4 e6
9.e4 Bb4+ 10.Bd2 Bxd2+ 11.Qxd2 O-O 12.Bd3 d6 13.Ne2 Nc6 14.O-O Qb6 15.Qe3 e5
16.Qf2 d5 17.exd5 Nxd5 18.Be4 Be6 19.dxe5 Nxe5 20.Qxb6 Nxb6 21.Bxb7 Rab8
22.Be4 Na4 23.Ned4 Bd7 24.Rf2 Rfc8 25.h3 g6 26.Re1 Nc4 27.Ree2 Kf8 28.Rc2 Ne3
29.Rcd2 Nc4 30.Rde2 a5 31.Rc2 Rb4 32.a3 Rb6 33.Bc6 Bxc6 34.Rxc4 Bd7 35.Rxc8+ Bxc8
36.Rc2 Bd7 37.Nxa5 Nxb2 38.Nc4 Nxc4 39.Rxc4 Rb1+ 40.Kh2 Rd1 41.Rb4 g5 42.Nb3 Be6
43.Nc5 Bd5 44.a4 Rd2 45.Kg1 Rd1+ 46.Kf2 Rd2+ 47.Kf1 Ra2 48.Kg1 Ra1+ 49.Kh2 Ra2
50.Ne4 Bxe4 51.Rxe4 Kg7 52.h4 h6 53.h5 Ra1 54.Rb4 Ra3 55.Kg3 Ra2 56.f4 gxf4+
57.Rxf4 f5 58.Kf3 Ra3+ 59.Ke2 Kf6 60.g4 Kg5 61.Rxf5+ Kxg4 62.Ra5 Kf4 63.Kd2 Ke4
64.Ra6 Kd4 65.Kc2 Kc4 66.Kb2 Rb3+ 67.Ka2 Rh3 68.Rxh6 Kb4 69.Rh8 Kxa4 70.h6 Rh2+
71.Kb1 Kb3 72.Kc1 Kc3 73.Kd1 Kd3 74.Ke1 Ke3 75.Kf1 Rf2+ 76.Kg1 Rf7 77.Kg2 Ke4
78.h7 Kf5  1/2-1/2

[Event "10th Open"]
[Site "Creon FRA"]
[Date "2005.08.01"]
[Round "1"]
[White "Morel,J"]
[Black "Krivoshey,S"]
[Result "0-1"]
[WhiteElo "2040"]
[BlackElo "2500"]

1.d4 Nf6 2.Bg5 Ne4 3.Bf4 c5 4.f3 Qa5+ 5.c3 Nf6 6.d5 Qb6 7.b3 e6 8.e4 exd5
9.exd5 Bd6 10.Bg5 Be7 11.Na3 d6 12.Bb5+ Bd7 13.Bxd7+ Nbxd7 14.Nc4 Qc7 15.Ne2 O-O
16.O-O h6 17.Bf4 Nh5 18.Be3 b5 19.Na3 a6 20.Nf4 Nxf4 21.Bxf4 Bf6 22.Rc1 Rfe8
23.Nb1 c4 24.b4 Be5 25.Bxe5 Nxe5 26.Qd4 Nd3 27.Rc2 Re5 28.f4 Re7 29.a4 Rae8
30.Nd2 Re2 31.axb5 axb5 32.Ra2 Qe7 33.Ra7 Qh4 34.Nf3 Qg4 35.g3 Qh3  0-1

[Event "4th Open"]
[Site "Davos SUI"]
[Date "2005.08.01"]
[Round "3"]
[White "Curien,N"]
[Black "Chernov,Va"]
[Result "1/2-1/2"]
[WhiteElo "2264"]
[BlackElo "2456"]

1.d4 Nf6 2.Bg5 Ne4 3.Bf4 c5 4.f3 Qa5+ 5.c3 Nf6 6.Nd2 cxd4 7.Nb3 Qb6 8.Qxd4 Nc6
9.Qxb6 axb6 10.Nd4 e5 11.Nxc6 exf4 12.Nd4 Nd5 13.g3 Bd6 14.gxf4 Bxf4 15.e4 Nf6
16.Bc4 d5 17.Nge2 Be3 18.Bb5+ Kd8 19.e5 Nh5 20.Ng3 g6 21.Nxh5 gxh5 22.Ke2 Bf4
23.Rhg1 Ke7 24.a3 Be6 25.Kf2 Rhg8 26.h4 Bxe5 27.Bd3 Bf6 28.Bxh7 Bxh4+ 29.Ke2 Rh8
30.Rh1 Rxh7 31.Rxh4 Rg8 32.Rf1 Rg2+ 33.Rf2 Rg1 34.Rfh2 Rb1 35.Kd3 Rg1 36.Rxh5 Rxh5
37.Rxh5 Rg2 38.b4 Ra2 39.f4 Rxa3 40.f5 Bd7 41.Rh6 Ra1 42.Rxb6 Rd1+ 43.Ke2 Rc1
44.Kd2 Rf1 45.Rxb7 Kd6 46.b5 Bxf5 47.Rxf7 Bh3 48.Rh7 Bd7 49.Kc2 Bf5+ 50.Nxf5+ Rxf5
51.b6 Kc6 52.b7 Rf8 53.Kd3 Kd6 54.Rh1 Kc7 55.Rb1 Kb8 56.Kd4 Rf3 57.Rb3 Rf5
58.Kc5 Rg5 59.Kc6 Rh5 60.Kb6 Rh6+ 61.Ka5 Rh3 62.Ka4 d4  1/2-1/2

[Event "4th Open"]
[Site "Davos SUI"]
[Date "2005.08.02"]
[Round "4"]
[White "Bigg,A"]
[Black "Joller,H"]
[Result "1-0"]
[WhiteElo "2277"]
[BlackElo "2025"]

1.d4 Nf6 2.Bg5 Ne4 3.Bf4 e6 4.Nd2 Nf6 5.Ngf3 b6 6.e4 Bb7 7.e5 Nd5 8.Bg3 c5
9.c4 Nc7 10.dxc5 Bxc5 11.Bd3 Nc6 12.Ne4 Na6 13.a3 Nd4 14.Nxd4 Bxd4 15.Nd6+ Kf8
16.Nxb7 Qc7 17.Nd6 Bxb2 18.Qf3 Bc3+ 19.Ke2  1-0

[Event "92nd ch-GBR"]
[Site "Douglas IOM"]
[Date "2005.08.02"]
[Round "2"]
[White "Pert,R"]
[Black "Rudd,J"]
[Result "1-0"]
[WhiteElo "2424"]
[BlackElo "2268"]

1.d4 Nf6 2.Bg5 Ne4 3.Bf4 c5 4.f3 Qa5+ 5.c3 Nf6 6.Nd2 cxd4 7.Nb3 Qb6 8.Qxd4 Qxd4
9.cxd4 e6 10.e4 Nc6 11.Rc1 Be7 12.Bd3 b6 13.a3 Bb7 14.Ne2 O-O 15.O-O d5 16.e5 Nd7
17.Be3 Rfc8 18.f4 f5 19.h3 Nd8 20.g4 g6 21.Nc3 a6 22.a4 Kf7 23.Nd2 Nc6 24.Nxd5 exd5
25.gxf5 gxf5 26.Bxf5 Rg8+ 27.Kh2 Nf8 28.Bg4 Ng6 29.Bh5 Ke8 30.f5 Kd8 31.fxg6 hxg6
32.Bg4 Rg7 33.Nf3 g5 34.Be6 Na5 35.Rg1 Nc4 36.Bxg5  1-0

[Event "Petrovskaya Ladya IM"]
[Site "Peterhof RUS"]
[Date "2005.08.02"]
[Round "2"]
[White "Nikolaev,Niki"]
[Black "Petrenko,S"]
[Result "1/2-1/2"]
[WhiteElo "2356"]
[BlackElo "2307"]

1.d4 Nf6 2.Bg5 Ne4 3.Bf4 d5 4.Nd2 Nf6 5.e3 g6 6.Bd3 Bg7 7.Ngf3 Nbd7 8.O-O O-O
9.c3 b6 10.e4 dxe4 11.Nxe4 Bb7 12.Qe2 Nh5 13.Bg5 h6 14.Be3 Nhf6 15.Nxf6+ exf6
16.Ba6 Qc8 17.Bxb7 Qxb7 18.Rfe1 f5 19.c4 Rfe8 20.Qd2 Kh7 21.d5 c6 22.Bd4 f6
23.dxc6 Qxc6 24.Rxe8 Rxe8 25.Bc3 Ne5 26.Nxe5 fxe5 27.Rd1 Re7 28.Qd6 Qxd6
29.Rxd6 Rc7 30.Kf1 g5 31.b3 Kg8 32.Ke2 Kf7 33.f3 h5 34.h3  1/2-1/2

[Event "4th Open"]
[Site "Davos SUI"]
[Date "2005.08.03"]
[Round "5"]
[White "Taylor,Mart"]
[Black "Chernov,Va"]
[Result "1-0"]
[WhiteElo "2316"]
[BlackElo "2456"]

1.d4 Nf6 2.Bg5 Ne4 3.Bf4 c5 4.f3 Qa5+ 5.c3 Nf6 6.Nd2 cxd4 7.Nb3 Qd8 8.cxd4 d5
9.e3 Nc6 10.Bd3 e6 11.Ne2 Bd6 12.Rc1 O-O 13.O-O Re8 14.Bxd6 Qxd6 15.f4 Nb4
16.Bb1 b6 17.a3 Nc6 18.Bd3 Bb7 19.Nc3 Rac8 20.Qe2 g6 21.Rc2 Kg7 22.Rfc1 h5
23.Nd2 Ne7 24.Nf3 Nf5 25.Ne5 a6 26.Bxa6 Bxa6 27.Qxa6 Nxe3 28.Nb5 Rxc2 29.Rxc2 Qb8
30.Rc7 Rf8 31.Rb7 Qd8 32.Qa7 Neg4 33.Nxf7 Rxf7 34.Rxf7+ Kh6 35.Qe7 Qc8 36.Nc7 e5
37.Rf8  1-0

[Event "15th ETC"]
[Site "Gothenburg SWE"]
[Date "2005.08.03"]
[Round "5"]
[White "Kanep,M"]
[Black "Berend,E"]
[Result "1-0"]
[WhiteElo "2491"]
[BlackElo "2350"]

1.d4 Nf6 2.Bg5 Ne4 3.h4 h6 4.Bf4 d5 5.f3 Nf6 6.e3 c5 7.c3 Nc6 8.g4 e6 9.Nd2 cxd4
10.cxd4 Bd6 11.Nh3 e5 12.dxe5 Bxe5 13.Qb3 Qc7 14.O-O-O Nd4+ 15.Qc3 Qxc3+
16.bxc3 Nc6 17.Kb2 O-O 18.Bxe5 Nxe5 19.Nf4 Rd8 20.Be2 b6 21.g5 Ne8 22.Rhg1 Kf8
23.Nh5 Bf5 24.Ng3 Nd6 25.f4 Nd3+ 26.Ka1 Nf2 27.Rdf1 Nfe4 28.Ndxe4 Bxe4 29.f5 hxg5
30.hxg5 Ke7 31.f6+ gxf6 32.gxf6+ Kd7 33.c4 Kc7 34.Rd1 Ne8 35.Rgf1 Rd6 36.cxd5 Bxd5
37.Nf5 Rdd8 38.Rc1+ Kb8 39.Rfd1 Nxf6 40.Ne7 Kb7 41.Nxd5 Rxd5 42.Bf3 Rd8 43.Kb2 Kb8
44.Bxd5 Rxd5 45.Rxd5 Nxd5 46.e4 Nf6 47.Rc4 Nd7 48.Kc3 Ne5 49.Ra4 Nc6 50.Kc4 Kc7
51.Kd5 b5 52.Ra3 Kb6 53.Kd6 a5 54.Rf3 Nb4 55.a3 Nc2 56.e5 a4 57.Rxf7 Nxa3
58.e6 Nc4+ 59.Kd5 Ne3+ 60.Kd4 Nc2+ 61.Kc3 Ne3 62.e7 Nd5+ 63.Kb2  1-0

[Event "4th Chiuso Hotel Petra"]
[Site "Rome ITA"]
[Date "2005.08.03"]
[Round "1"]
[White "Miladinovic,I"]
[Black "Martorelli,A"]
[Result "1/2-1/2"]
[WhiteElo "2609"]
[BlackElo "2277"]

1.d4 Nf6 2.Bg5 Ne4 3.Bf4 c5 4.f3 Qa5+ 5.c3 Nf6 6.Nd2 cxd4 7.Nb3 Qb6 8.Qxd4 Nc6
9.Qxb6 axb6 10.Be3 d5 11.Bxb6 e5 12.e4 dxe4 13.Bb5 Be6 14.Nc5 Bxc5 15.Bxc5 Rxa2
16.Rxa2 Bxa2 17.Ne2 exf3 18.gxf3 Nd7 19.Bd6 f5 20.Kf2 Be6 21.Ra1  1/2-1/2

[Event "10th Open"]
[Site "Creon FRA"]
[Date "2005.08.04"]
[Round "5"]
[White "Morel,J"]
[Black "Ludwig,R"]
[Result "0-1"]
[WhiteElo "2040"]
[BlackElo "2092"]

1.d4 Nf6 2.Bg5 Ne4 3.Bf4 g5 4.Bg3 c5 5.f3 Nxg3 6.hxg3 Bg7 7.e3 Qb6 8.Ne2 Qxb2
9.Nbc3 Qa3 10.Rb1 a6 11.Kf2 Nc6 12.Nd5 O-O 13.c3 b5 14.Qc2 h6 15.f4 g4 16.f5 cxd4
17.exd4 Qd6 18.Nef4 e5 19.fxe6 fxe6 20.Ne3 Ne7 21.Bd3 Bb7 22.Rh4 Rxf4+ 23.gxf4 Qxf4+
24.Ke2 Bf3+ 25.Kd2 Qg3 26.Rbh1 Qf2+ 27.Kc1 Qxe3+ 28.Kb2 Bd5 29.Rxg4 Rf8 30.Rh3 Qe1
31.Be2 Rf2 32.Re3 Bc4 33.Rxg7+ Kxg7 34.Rg3+ Kh8 35.Ka3 Rxe2  0-1

[Event "XIII Adolfo Pedrido Mem"]
[Site "Vilagarcia de Arousa ESP"]
[Date "2005.08.04"]
[Round "4"]
[White "Nanu,C"]
[Black "Perez Fungueiro,M"]
[Result "1/2-1/2"]
[WhiteElo "2434"]
[BlackElo "2300"]

1.d4 Nf6 2.Bg5 Ne4 3.Bf4 c5 4.dxc5 Nc6 5.Nd2 Nxc5 6.Ngf3 g6 7.Nb3 Bg7 8.c3 b6
9.Qc1 h6 10.g3 Nxb3 11.axb3 e5 12.Be3 d5 13.Bg2 Na5 14.Qd1 Be6 15.b4 Nc4
16.Bc1 O-O 17.O-O Qc7 18.Ne1 Rad8 19.Qa4 a5 20.bxa5 bxa5 21.Nc2 Ra8 22.Na3 Nb6
23.Qd1 Rfd8 24.Bd2 a4 25.Nc2 Nc4 26.Bc1 e4 27.Nd4 Bd7 28.f3 exf3 29.Bxf3 Be8
30.Ra2 Qb6 31.Kh1 Rab8 32.Bg2 Rb7 33.Qd3 Rdd7 34.e4 Ne5 35.Qe3 Nc4 36.Qd3 Ne5
37.Qe3 Nc4 38.Qd3  1/2-1/2

[Event "4th Open"]
[Site "Davos SUI"]
[Date "2005.08.05"]
[Round "7"]
[White "Bigg,A"]
[Black "Bildat,J"]
[Result "1-0"]
[WhiteElo "2277"]
[BlackElo "2163"]

1.d4 Nf6 2.Bg5 Ne4 3.Bf4 c5 4.f3 Nf6 5.dxc5 Na6 6.e4 Nxc5 7.e5 Ne6 8.Bg3 Nh5
9.Nc3 Nxg3 10.hxg3 Qb6 11.Bc4 Qxb2 12.Nge2 g6 13.Rb1 Qa3 14.Qd3 Bg7 15.f4 a6
16.g4 b5 17.Bd5 Rb8 18.f5 Nc7 19.Qd4 Nxd5 20.Nxd5 Qa5+ 21.Nec3 e6 22.f6 Bf8
23.Ne3 Qb6 24.Qd3 d5 25.g5 d4 26.Nc4 Qc5 27.Ne4 bxc4 28.Rxb8 Qc7 29.Rxc8+ Qxc8
30.Qxd4 Qc6 31.Ke2 Qd5 32.Rd1 Qxd4 33.Rxd4 h6 34.Rxc4 hxg5 35.Rc8+ Kd7 36.Ra8 Rh4
37.Nxg5 Bc5 38.Nxf7 Rc4 39.Kd3 Rd4+ 40.Kc3 Rg4 41.Rxa6 Rxg2 42.a4 g5 43.Nd6 g4
44.Ne4 Ba3 45.Kb3 Re2 46.Ra7+ Kd8 47.Ra8+ Kd7 48.Kxa3 Rxe4 49.f7  1-0

[Event "15th ETC"]
[Site "Gothenburg SWE"]
[Date "2005.08.05"]
[Round "7"]
[White "Halkias,S"]
[Black "Lupulescu,C"]
[Result "1/2-1/2"]
[WhiteElo "2548"]
[BlackElo "2542"]

1.d4 Nf6 2.Bg5 Ne4 3.Bh4 c5 4.f3 g5 5.fxe4 gxh4 6.e3 Qb6 7.Nc3 e6 8.Nf3 Qxb2
9.Nb5 Qb4+ 10.Kf2 Qa5 11.Ne5 a6 12.Qh5 Be7 13.Nd6+ Bxd6 14.Qxf7+ Kd8 15.Nc4 Qc3
16.Nxd6 cxd4 17.Qf6+ Kc7 18.exd4 Kxd6 19.Qe5+ Ke7 20.Qg7+ Kd6 21.Qe5+ Ke7
22.Qg7+ Kd6 23.Qe5+  1/2-1/2

[Event "4th Chiuso Hotel Petra"]
[Site "Rome ITA"]
[Date "2005.08.05"]
[Round "2"]
[White "Miladinovic,I"]
[Black "Piscopo,P"]
[Result "1/2-1/2"]
[WhiteElo "2609"]
[BlackElo "2389"]

1.d4 Nf6 2.Bg5 Ne4 3.Bf4 c5 4.f3 Qa5+ 5.c3 Nf6 6.Nd2 cxd4 7.Nb3 Qd8 8.cxd4 d5
9.e3 Nc6 10.Ne2 g6 11.g4 Bg7 12.h4 h5 13.g5 Nd7 14.Nc3 O-O 15.Nxd5 e5 16.dxe5 Ndxe5
17.Rh2 Be6 18.Rd2 Bxd5 19.Rxd5 Qe7 20.Kf2 Rad8 21.Kg3 a5 22.Bb5 a4 23.Bxa4 Nb4
24.Rxd8 Rxd8 25.Qf1 Ned3 26.Rd1 Be5 27.Bb5 Bxf4+ 28.exf4 Qe3 29.Bxd3 Nxd3
30.Nc1 Qxf4+ 31.Kg2 Qxh4 32.Nxd3 Qxg5+ 33.Kh2 Rd4 34.f4 Qg4 35.Qe1 Kh7 36.Rd2 Qf5
37.Qe3 Re4 38.Qf3 Rd4 39.a3 b5 40.Kg1 h4 41.Kh2 Kg8 42.Qe3 Qd5 43.Kg1 Qd8
44.Kf2 Qd5 45.Qe8+ Kh7 46.Ke3 f5 47.Qe7+ Kg8 48.Qf6 Qe4+ 49.Kf2 Rxd3 50.Qxg6+ Kf8
51.Qf6+ Kg8 52.Qg5+ Kf8 53.Rxd3 Qxd3 54.Kg2 Qe4+ 55.Kh2 Qd3 56.Qf6+ Ke8 57.Qg6+ Kf8
58.Qg2 Qe3 59.Qg5 Qd3 60.Qxh4 Qd2+ 61.Kh3 Qxb2 62.Qd8+ Kf7 63.Qd7+ Kf6 64.Qd6+ Kf7
65.Kh4 Qg2 66.Qc7+ Kg6 67.Qd6+ Kf7 68.Qd7+ Kf6 69.Qd8+ Kf7  1/2-1/2

[Event "15th ETC Women"]
[Site "Gothenburg SWE"]
[Date "2005.08.06"]
[Round "8"]
[White "Zielinska,Mar"]
[Black "Vasilevich,T"]
[Result "1/2-1/2"]
[WhiteElo "2410"]
[BlackElo "2393"]

1.d4 Nf6 2.Bg5 Ne4 3.Bf4 c5 4.f3 Qa5+ 5.c3 Nf6 6.Nd2 cxd4 7.Nb3 Qb6 8.Qxd4 Nc6
9.Qxb6 axb6 10.Nd4 Nxd4 11.cxd4 d5 12.e3 Bd7 13.Bd3 e6 14.Ne2 Be7 15.Nc3 Bc6
16.Ke2 O-O 17.Rhc1 Rfc8 18.a3 Nh5 19.Be5 f6 20.Bg3 Nxg3+ 21.hxg3 Bd6 22.Kd2 h6
23.g4 Kf7 24.Nb5 Be7 25.Nc3 Bd6 26.Nb5 Be7 27.Nc3 Bd6  1/2-1/2

[Event "Open"]
[Site "Olomouc CZE"]
[Date "2005.08.06"]
[Round "3"]
[White "Karhanek,P"]
[Black "Karavade,E"]
[Result "1-0"]
[WhiteElo "2220"]
[BlackElo "2370"]

1.d4 Nf6 2.Bg5 Ne4 3.Bf4 c5 4.f3 Qa5+ 5.c3 Nf6 6.Nd2 cxd4 7.Nb3 Qd8 8.cxd4 d5
9.e3 Nc6 10.Rc1 e6 11.Bb5 Bd7 12.Ne2 Bb4+ 13.Kf2 Qb6 14.Bd3 O-O 15.g4 Rfe8
16.Be5 Qd8 17.h4 Kh8 18.Bb1 Nxe5 19.dxe5 Ng8 20.Qd3 g6 21.h5 Kg7 22.hxg6 hxg6
23.Nf4 Qg5 24.a3 Be7 25.Rc7 Rad8 26.Nd4 Qxe5 27.Rxd7 Rxd7 28.Nfxe6+ fxe6
29.Qxg6+ Kf8 30.Rh8 Bh4+ 31.Rxh4 Qf6 32.Qh5 Rg7 33.f4 e5 34.g5 Qf7 35.g6 Qf6
36.Nf3 e4 37.Ng5 Qxg6 38.Nh7+ Ke7 39.Qe5+ Kd7 40.Qxd5+ Kc7 41.Ng5 Rd7 42.Bxe4 Qb6
43.Rh7 Rxh7 44.Nxh7 Qxb2+ 45.Kf3 Rd8 46.Qf7+ Kb8 47.f5 Qb5 48.Kf4 Re8 49.Bd5 Rd8
50.Bf3 Qb6 51.Qg7 Re8 52.e4 Nh6 53.Nf6 Qd6+ 54.Kg5 Nxf5 55.exf5 Qg3+ 56.Bg4 Rd8
57.Qe7 Rh8 58.Qe5+ Qxe5 59.Nd7+ Kc7 60.Nxe5 Re8 61.Ng6 Kd6 62.f6 b5 63.f7 Rb8
64.Kf6 a5 65.Be2 b4 66.axb4 axb4 67.Bb5 b3 68.Be8  1-0

[Event "4th Open"]
[Site "Davos SUI"]
[Date "2005.08.07"]
[Round "9"]
[White "Taylor,Mart"]
[Black "Bildat,J"]
[Result "1/2-1/2"]
[WhiteElo "2316"]
[BlackElo "2163"]

1.d4 Nf6 2.Bg5 Ne4 3.Bf4 c5 4.f3 Nf6 5.dxc5 Qa5+ 6.Qd2 Qxc5 7.e4 d6 8.Nc3 a6
9.O-O-O Nbd7 10.g4 h6 11.Kb1 b5 12.Be3 Qc7 13.Nge2 Bb7 14.Nf4 e6 15.Bg2 Nb6
16.Bxb6 Qxb6 17.h4 Nd7 18.g5 hxg5 19.hxg5 Rxh1 20.Rxh1 g6  1/2-1/2

[Event "FSGM August"]
[Site "Budapest HUN"]
[Date "2005.08.08"]
[Round "3"]
[White "Hoang Thanh Trang"]
[Black "Ilincic,Z"]
[Result "1/2-1/2"]
[WhiteElo "2476"]
[BlackElo "2470"]

1.d4 Nf6 2.Bg5 Ne4 3.Bf4 c5 4.f3 Nf6 5.dxc5 b6 6.e4 Nc6 7.Nc3 Bb7 8.Bc4 bxc5
9.Nge2 d6 10.O-O g6 11.Bb5 Nd7 12.Nd5 a6 13.Ba4 e6 14.Ne3 Nb6 15.c3 Be7 16.Bh6 Bg5
17.Bxg5 Qxg5 18.f4 Qe7 19.e5 dxe5 20.fxe5 Qg5 21.Nf4 Nxa4 22.Qxa4 O-O 23.Nc4 Nxe5
24.Nxe5 Qxe5 25.Qd7 Qe4 26.Rae1 Qc6 27.Qxc6 Bxc6 28.c4 Rac8 29.Re5 Bb7 30.Nd3 Rfd8
31.Nxc5 Bd5 32.cxd5 Rxc5 33.Rxf7 Rdxd5 34.Rxd5 Rxd5  1/2-1/2

[Event "92nd ch-GBR"]
[Site "Douglas IOM"]
[Date "2005.08.10"]
[Round "9"]
[White "Rowson,J"]
[Black "Gordon,S"]
[Result "1-0"]
[WhiteElo "2599"]
[BlackElo "2390"]

1.d4 Nf6 2.Bg5 Ne4 3.Bf4 d6 4.f3 Nf6 5.e4 e5 6.dxe5 Nh5 7.Be3 dxe5 8.Qxd8+ Kxd8
9.Nd2 Be6 10.Bc4 Bd6 11.Bxe6 fxe6 12.Nh3 Ke7 13.g3 Nc6 14.c3 a5 15.a4 h6
16.Nf2 Nf6 17.Ke2 Nd7 18.Nd3 Rab8 19.Rhc1 b6 20.Rab1 Rhf8 21.b4 axb4 22.cxb4 Nd4+
23.Bxd4 exd4 24.f4 e5 25.Nf3 exf4 26.e5 fxg3 27.exd6+ Kxd6 28.Nxd4 gxh2 29.Nb5+ Ke7
30.Rxc7 Rf5 31.Rh1 Ra8 32.Nc3 Rh5 33.Nf4 Re5+ 34.Kd1 Kd8 35.Rc6 Re3 36.Rxh2 Ne5
37.Rd2+ Ke8 38.Rc7 Rd8 39.Ncd5  1-0

[Event "FSIMA August"]
[Site "Budapest HUN"]
[Date "2005.08.11"]
[Round "6"]
[White "Brustkern,J"]
[Black "Bors,T"]
[Result "1/2-1/2"]
[WhiteElo "2250"]
[BlackElo "2290"]

1.d4 Nf6 2.Bg5 Ne4 3.Bf4 d5 4.e3 Bf5 5.f3 Nf6 6.g4 Bg6 7.h4 h6 8.Bd3 Bxd3
9.Qxd3 c6 10.Nd2 e6 11.Ne2 Nbd7 12.Ng3 g6 13.O-O-O h5 14.Qe2 Qa5 15.Kb1 O-O-O
16.c4 Ne8 17.e4 Bd6 18.Bxd6 Nxd6 19.e5 Nxc4 20.Nxc4 dxc4 21.Ne4 Nb6 22.Nd6+ Rxd6
23.exd6 Rd8 24.Qe5 Nd5 25.Rc1 b5 26.Rh2 Nb4 27.a3  1/2-1/2

[Event "American Continental"]
[Site "Buenos Aires ARG"]
[Date "2005.08.11"]
[Round "6"]
[White "Lawson,E"]
[Black "Flores,Di"]
[Result "1/2-1/2"]
[WhiteElo "2367"]
[BlackElo "2513"]

1.d4 Nf6 2.Bg5 Ne4 3.Bf4 c5 4.f3 Qa5+ 5.c3 Nf6 6.Nd2 cxd4 7.Nb3 Qd8 8.cxd4 d5
9.e3 e6 10.Rc1 Nc6 11.Bb5 Bd7 12.g4 Be7 13.a3 O-O 14.Bd3 Qb6 15.Rc3 Rfc8
16.Qc2 Na5 17.Nxa5 Qxa5 18.Ne2 Rxc3 19.Nxc3 Rc8 20.Kd2 b5 21.h4 b4 22.axb4 Bxb4
23.Rc1 Bb5 24.Ke2 Bxc3 25.bxc3 Nd7 26.h5 Nb6 27.Kf2 Bxd3 28.Qxd3 Qa2+ 29.Kg3 h6
30.g5 hxg5 31.Bxg5 f5 32.Qd1 Qb2 33.Bf4 Rxc3 34.Rxc3 Qxc3 35.h6 Qb4 36.Kh3 Qe7
37.Qg1 Kh7 38.hxg7 Qxg7 39.Qa1 Nc4 40.Qa6 Qd7 41.Kg3 Kg8 42.Kf2 Qe7 43.Bb8 Kf7
44.Qxa7 Qxa7 45.Bxa7 Ke7 46.Bb8  1/2-1/2

[Event "TCh-ESP Premier North"]
[Site "Barcelona ESP"]
[Date "2005.08.13"]
[Round "5"]
[White "Guerrero Olmos,S"]
[Black "Vidarte Morales,A"]
[Result "1/2-1/2"]
[WhiteElo "2279"]
[BlackElo "2391"]

1.d4 Nf6 2.Bg5 Ne4 3.Bf4 c5 4.f3 Nf6 5.dxc5 Qa5+ 6.Qd2 Qxc5 7.e4 d6 8.Nc3 Nc6
9.Be3 Qa5 10.Bc4 a6 11.Qf2 e6 12.Bb3 Nd7 13.Ne2 Be7 14.O-O O-O 15.Nd4 Nxd4
16.Bxd4 b5 17.Qg3 g6 18.a3 Nc5 19.Ba2 b4 20.axb4 Qxb4 21.Rad1 Bb7 22.Qe1 a5
23.f4 Na4 24.f5 e5 25.fxg6 hxg6 26.Qg3 Kg7 27.Bxe5+ dxe5 28.Nxa4 f6 29.Nc3  1/2-1/2

[Event "Hotel Montesano Open A"]
[Site "Villa San Giovanni ITA"]
[Date "2005.08.13"]
[Round "7"]
[White "Efimov,I"]
[Black "Calzetta,M"]
[Result "1-0"]
[WhiteElo "2401"]
[BlackElo "2282"]

1.d4 Nf6 2.Bg5 Ne4 3.Bf4 c5 4.f3 Qa5+ 5.c3 Nf6 6.Nd2 cxd4 7.Nb3 Qd8 8.cxd4 d5
9.e3 e6 10.Ne2 Nc6 11.Nc3 Nh5 12.Bg3 Nxg3 13.hxg3 Bd7 14.Bd3 g6 15.f4 Qb6
16.Rc1 Na5 17.Nxa5 Qxa5 18.a3 Rc8 19.Qb3 Bd6 20.Kf2 h5 21.g4 Ke7 22.gxh5 gxh5
23.Rh4 b5 24.Be2 b4 25.axb4 Bxb4 26.Rxh5 Rxh5 27.Bxh5 Qb6 28.Bd1 a5 29.Na2 a4
30.Qd3 Rxc1 31.Nxc1 Qa5 32.Qc2 Be1+ 33.Kf3 f5 34.Nd3 Be8 35.g4 fxg4+ 36.Kxg4 Kf6
37.Qe2 Bb4 38.Qh2 Bg6 39.Qh8+  1-0

[Event "American Continental"]
[Site "Buenos Aires ARG"]
[Date "2005.08.15"]
[Round "10"]
[White "Castro,O"]
[Black "Flores,Di"]
[Result "1-0"]
[WhiteElo "2385"]
[BlackElo "2513"]

1.d4 Nf6 2.Bg5 Ne4 3.Bf4 c5 4.f3 Qa5+ 5.c3 Nf6 6.d5 e6 7.e4 d6 8.a4 exd5
9.exd5 Be7 10.Bc4 O-O 11.Ne2 Nbd7 12.Na3 Nh5 13.Be3 Ne5 14.O-O Nxc4 15.Nxc4 Qd8
16.Ng3 Nf6 17.Re1 b6 18.Bf4 Re8 19.Ne4 Nxe4 20.fxe4 Ba6 21.Ne3 Bh4 22.g3 Bf6
23.Ng4 Bc8 24.Nxf6+ Qxf6 25.Qh5 Qd8 26.Re3 f6 27.g4 Qd7 28.g5 Rf8 29.g6 h6
30.h3 Bb7 31.c4 Rae8 32.Rae1 Qxa4 33.Bxd6 Qxc4 34.Qf3 Qd4 35.b3 a5 36.Qg3 f5
37.Kh2 fxe4 38.Bxf8 Rxf8 39.Rxe4 Qxd5 40.Re8 Qf5 41.Rxf8+ Qxf8 42.Kg1 c4
43.bxc4 Bc6 44.Qe5 Kh8 45.Qe7 Qb8 46.Qe5 Qd8 47.Rf1 a4 48.Qf4  1-0

[Event "Hotel Montesano Open A"]
[Site "Villa San Giovanni ITA"]
[Date "2005.08.15"]
[Round "9"]
[White "Efimov,I"]
[Black "Gouliev,N"]
[Result "1/2-1/2"]
[WhiteElo "2401"]
[BlackElo "2555"]

1.d4 Nf6 2.Bg5 Ne4 3.Bf4 d5 4.e3 e6 5.Bd3 Bd6 6.Ne2 Nd7 7.O-O O-O 8.c4 Bxf4
9.Nxf4 Ndf6 10.Qc2 c6 11.Nc3 Nxc3 12.Qxc3 Qe7 13.h3 dxc4 14.Bxc4  1/2-1/2

[Event "Ada Open"]
[Site "Belgrade SCG"]
[Date "2005.08.17"]
[Round "3"]
[White "Zmijanac,D"]
[Black "Marinkov,S"]
[Result "1-0"]
[WhiteElo "2240"]
[BlackElo "2014"]

1.d4 Nf6 2.Bg5 Ne4 3.Bf4 d6 4.f3 Nf6 5.e4 g6 6.Nc3 Bg7 7.Qd2 Nbd7 8.Nge2 c5
9.Be3 b6 10.O-O-O Bb7 11.g4 cxd4 12.Nxd4 a6 13.Kb1 Rc8 14.h4 Ne5 15.h5 Rg8
16.Bg5 b5 17.Bxf6 Bxf6 18.Nd5 Bxd5 19.exd5 Rc5 20.g5 Bg7 21.f4 Nc4 22.Bxc4 bxc4
23.Nc6 Qb6 24.c3 Kd7 25.hxg6 hxg6 26.Rh7 Ke8 27.Re1 Bf8 28.Qe3 Qb7 29.Rxf7 Rb5
30.Re2 Kxf7 31.Nd8+ Ke8 32.Nxb7 Rxb7 33.Qe6  1-0

[Event "Martinovsky Mem"]
[Site "Bolingbrook USA"]
[Date "2005.08.19"]
[Round "2"]
[White "Georgiev,Vl"]
[Black "Finegold,B"]
[Result "1/2-1/2"]
[WhiteElo "2532"]
[BlackElo "2522"]

1.d4 Nf6 2.Bg5 Ne4 3.Bf4 d5 4.e3 c6 5.Bd3 Qb6 6.Qc1 Nd7 7.Bxe4 dxe4 8.Nd2 c5
9.Ne2 f5 10.O-O e6 11.c3 Be7 12.f3 exf3 13.Nxf3 O-O 14.Qc2 Qc6 15.Ne5 Nxe5
16.Bxe5 b6 17.Nf4 Bg5 18.Rf3 Bxf4 19.exf4 Bb7 20.Rg3 Rf7 21.dxc5 Qxc5+ 22.Bd4 Qc4
23.b3 Qc6 24.Re1 Rd8 25.Qf2 Qe8 26.Rh3 Be4 27.Qh4 h6 28.Rg3 Kh7 29.Qh5 Rfd7
30.Qxe8 Rxe8 31.h4 b5 32.h5 b4 33.Re2 a5 34.Be5 bxc3 35.Bxc3 Ra8 36.Rd2 Bd5
37.Rd4 Kg8 38.Ra4 Rda7 39.Bd4 Rd7 40.Be5 Bc6 41.Rc4 Bb5 42.Rc5 Be2 43.Bc3 a4
44.b4 Bxh5 45.b5 Rb8 46.Ba5 Be2 47.b6 Rd3 48.Kf2 Rxg3 49.Kxg3 Ba6 50.Rc6 Rb7
51.Rxe6 Bc4 52.Re8+ Kf7 53.Re5 Bxa2 54.Rxf5+ Ke6 55.Re5+ Kd6 56.Re3 Bd5 57.Rc3 Ke6
58.Kf2 Rf7 59.g3 g5 60.Ke3 gxf4+ 61.gxf4 h5 62.Rc8 Rh7 63.Kd4 Bb7 64.Rc7 Rxc7
65.bxc7 a3 66.f5+ Kxf5 67.Kc3 h4  1/2-1/2

[Event "ch-AUT Qualifier"]
[Site "Gmunden AUT"]
[Date "2005.08.19"]
[Round "7"]
[White "Nickl,K"]
[Black "Baier,Pat"]
[Result "1-0"]
[WhiteElo "2175"]
[BlackElo "1957"]

1.d4 Nf6 2.Bg5 Ne4 3.Bf4 c5 4.f3 Qa5+ 5.c3 Nf6 6.Nd2 cxd4 7.Nb3 Qf5 8.Bxb8 Rxb8
9.Qxd4 b6 10.e4 Qg5 11.Nh3 Qh6 12.Nf2 e6 13.g3 Nh5 14.Rd1 Be7 15.Ng4 Qg6
16.Bd3 f6 17.Bb5 O-O 18.Bxd7 Rd8 19.Qa4 Bxd7 20.Rxd7 Qe8 21.Rxd8 Qxd8 22.Qc4 Qd6
23.Nd4 Kf7 24.Qc6 Rd8 25.Qxd6 Rxd6 26.Ke2 a6 27.Rd1 e5 28.Nf5 Rxd1 29.Kxd1 Bf8
30.Nfe3 g6 31.Ke2 Ke6 32.Nd5 f5 33.Nge3 fxe4 34.fxe4 Nf6 35.Nxf6 Kxf6 36.Nd5+ Kg5
37.Kf3 h5 38.h4+ Kh6 39.Nxb6 Kg7 40.b4 Kf7 41.Nd5 Bd6 42.a4 Ke6 43.Ke3 a5
44.Kd3 axb4 45.cxb4 Bb8 46.Kc4 Ba7 47.a5 Bf2 48.a6 Kd6 49.Kb5 Ba7 50.Ka5 Bd4
51.b5 Kd7 52.b6 Kc8 53.Kb5 Kb8 54.Ne7  1-0

[Event "14th Open"]
[Site "Kavala GRE"]
[Date "2005.08.19"]
[Round "9"]
[White "Mastrokoukos,G"]
[Black "Berescu,A"]
[Result "1-0"]
[WhiteElo "2345"]
[BlackElo "2445"]

1.d4 Nf6 2.Bg5 Ne4 3.Bf4 e6 4.f3 Bd6 5.Bxd6 Nxd6 6.Qd2 f5 7.e3 b6 8.Nc3 Qh4+
9.g3 Qh6 10.O-O-O Bb7 11.Kb1 Nc6 12.Nh3 Na5 13.Qe2 Nac4 14.Nf4 g5 15.Ng2 Qh5
16.d5 O-O-O 17.f4 Qxe2 18.Bxe2 gxf4 19.exf4 b5 20.Bxc4 Nxc4 21.b3 Nb6 22.Nxb5 Nxd5
23.Nxa7+ Kb8 24.Nb5 c6 25.Nd6 Nc3+ 26.Kb2 Nxd1+ 27.Rxd1 Rhf8 28.Ne3 c5 29.Nec4 Bd5
30.Ne5 Kc7 31.Ndf7 d6 32.Nxd8 Rxd8 33.Nd3 h5 34.c4 Bf3 35.Re1 Kd7 36.a3 Be4
37.Rd1 Bxd3 38.Rxd3 Rb8 39.Kc3 Ra8 40.Kb2 Rb8 41.Rd2 Kc6 42.Re2 Kd7 43.Re1 Rb7
44.Re3 Rb8 45.Kc2 Rc8 46.Kc3 Ra8 47.Kb2 Rb8 48.Ka2 Ra8 49.a4 Re8 50.Ka3 Ra8
51.Re1 Ra7 52.b4 cxb4+ 53.Kxb4 Rb7+ 54.Kc3 Rc7 55.Kd4 Ra7 56.Ra1 Ra5 57.Kc3 e5
58.Kb4 Ra8 59.fxe5 dxe5 60.Kc5 Ke6 61.a5 Rc8+ 62.Kb6 Rxc4 63.a6 Rb4+ 64.Kc5 Rb8
65.a7 Ra8 66.Ra6+ Kd7 67.Kb6  1-0

[Event "41st Rubinstein Mem Open A"]
[Site "Polanica Zdroj POL"]
[Date "2005.08.19"]
[Round "1"]
[White "Mensch,E"]
[Black "Swiercz,D"]
[Result "1-0"]
[WhiteElo "2336"]
[BlackElo "2138"]

1.d4 Nf6 2.Bg5 Ne4 3.Bf4 d5 4.e3 c5 5.Bd3 Qb6 6.Bxe4 dxe4 7.Nc3 cxd4 8.Qxd4 Qxd4
9.exd4 Bf5 10.Nge2 e6 11.O-O Nc6 12.Rad1 O-O-O 13.h3 h5 14.Rfe1 Bb4 15.Be3 Rd7
16.a3 Bxc3 17.Nxc3 Rhd8 18.Ne2 e5 19.c3 Be6 20.Rc1 g6 21.Bg5 Re8 22.Bf6 exd4
23.Bxd4 Bc4 24.Nf4 Kb8 25.Bg7 Rd2 26.b4 b5 27.Ra1 Kb7 28.a4 a6 29.axb5 axb5
30.Re3 f5 31.Rg3 Bf7 32.Nxg6 Bxg6 33.Rxg6 Rg8 34.Bh6 Rxg6 35.Bxd2 Rd6 36.Ra2 Rd3
37.Kf1 Ne5 38.Ke2 Nc4 39.Be1 Kc6 40.Ra8 Kd5 41.Rh8 Na3 42.Rxh5 Ke6 43.Rh6+ Ke5
44.Rc6 f4 45.f3 Re3+ 46.Kf2 Nc2 47.Rc5+ Ke6 48.Bd2 Rd3 49.Bxf4 e3+ 50.Bxe3 Rxe3
51.Rxb5 Rxc3 52.Rc5 Rxc5 53.bxc5 Kd5 54.h4 Nd4 55.h5 Nf5 56.g4 Nh6 57.Ke3 Kxc5
58.Kf4 Kd6 59.Kg5 Nf7+ 60.Kf6 Ne5 61.h6 Nd7+ 62.Kg7 Nc5 63.h7 Ne6+ 64.Kg8  1-0